000 01551nam a22003977a 4500
001 000107364
003 CHAP
005 20220329143927.0
008 030912s2012 mx r 00010 spa d
010 _a103826
011 _a104798
035 _a115488
040 _cCHAP
090 _aTesis
100 1 _aPaz Acebedo, Francisca de
_986340
245 1 0 _aEvaluación técnico finandiera para la elaboración de un relleno sanitario en Villa del Carbón, Estado de México
_h[En línea]
_c/por Francisca de Paz Acebedo.
260 _aChapingo, Méx. :
_bEl autor,
_c2012.
500 _aPara ver el contenido del material haga clic en la liga
502 _aTesis (Lic. en Economía Agrícola) -- UACH. División de Ciencias Económico Administrativas
590 _aALEPH
_b10
_c20130110
_lUCH01
_h1546
590 _aBATCH-UPD
_b10
_c20130110
_lUCH01
_h1703
590 _aBATCH-UPD
_b10
_c20130410
_lUCH01
_h0950
590 _aBATCH-UPD
_b10
_c20130914
_lUCH01
_h0546
590 _aBATCH-UPD
_b10
_c20140324
_lUCH01
_h1533
590 _aBATCH-UPD
_b10
_c20141002
_lUCH01
_h0855
590 _aCONVERSION
_b10
_c20130109
_lUCH01
_h1357
590 _aE11695DGD
_b10
_c20160504
_lUCH01
_h1405
650 1 4 _aBasura
_xReciclaje
_zMéxico (Edo.).
_910761
650 1 4 _aResiduos sólidos.
_996119
856 _3Finding aid
_uhttp://10.13.5.2/tesis/115488.pdf
_zTeclea aqui
901 _aBK
942 _cFOLL
942 _n0
949 _aTesis
_bBC
_cTES
_d33724002335264
_eTS2
_fc.2
_h53917
_i115488
_st
949 _aTesis
_bBC
_cTES
_d33724002335306
_eTS1
_h53916
_i115488
_st
999 _c103826
_d103826